[Event "Wroclaw op-A"]
[Site "Wroclaw"]
[Date "2022.07.31"]
[Round "2"]
[White "Shamatava, Nikolozi"]
[Black "Paczka, Patryk"]
[Result "1/2-1/2"]
[WhiteElo "1783"]
[BlackElo "1982"]
[PlyCount "103"]
[EventDate "2022.07.31"]
[EventType "swiss"]
[EventRounds "9"]
[EventCountry "POL"]
[SourceTitle "CBM 209 Extra"]
[Source "ChessBase"]
[SourceDate "2022.09.30"]
[SourceVersion "1"]
[SourceVersionDate "2022.09.30"]
[SourceQuality "1"]

1. d4 Nf6 2. c4 g6 3. g3 Bg7 4. Bg2 0-0 5. Nc3 d6 6. Nf3 Nc6 7. 0-0 e5 8. dxe5 Nxe5 9. b3 Ne4 10. Nxe4 Nxf3+ 11. Bxf3 Bxa1 12. Bg5 f6 13. Bh6 Be5 14. Bxf8 Kxf8 15. Qd2 Kg7 16. Bg2 f5 17. f4 Bf6 18. Nxf6 Qxf6 19. Re1 a5 20. Rc1 c5 21. a4 Kf7 22. Rc3 Ra7 23. Rd3 Ra6 24. Re3 Rb6 25. Bd5+ Kg7 26. Qxa5 Qd4 27. Qxb6 Qxe3+ 28. Kf1 Qe7 29. Qa5 g5 30. Qc3+ Qf6 31. Qe3 gxf4 32. gxf4 Qh4 33. Kg2 Qg4+ 34. Kh1 Qh4 35. h3 b6 36. Kg2 Qf6 37. Kh2 Qh4 38. Kg2 Qf6 39. Qd2 Qh4 40. Bf3 Qe7 41. Qd5 Qc7 42. e4 fxe4 43. Bxe4 h6 44. Qd3 Qe7 45. Qc3+ Qf6 46. Qxf6+ Kxf6 47. h4 Bd7 48. Kf3 Bc8 49. Ke3 Bd7 50. Kd3 Bc8 51. Kc3 Bd7 52. Kd3 1/2-1/2

[Event "EU-ch Schools U13"]
[Site "Tornelo INT"]
[Date "2021.12.03"]
[Round "1"]
[White "Shamatava, Nikolozi"]
[Black "Alizada, Agshin"]
[Result "1-0"]
[WhiteElo "1752"]
[BlackElo "1348"]
[PlyCount "59"]
[EventDate "2021.12.03"]
[EventType "swiss (rapid)"]
[EventRounds "7"]
[EventCountry "NET"]
[SourceTitle "EXT 2023"]
[Source "ChessBase"]
[SourceDate "2022.10.05"]
[SourceVersion "1"]
[SourceVersionDate "2022.10.05"]
[SourceQuality "1"]

1. d4 d6 2. Nf3 g6 3. Nc3 Bg7 4. e4 Bg4 5. Be3 Nd7 6. Be2 c6 7. h3 Bxf3 8. Bxf3 e5 9. Ne2 Ne7 10. c3 0-0 11. 0-0 Kh8 12. Qd2 f5 13. Bh6 fxe4 14. Bxe4 d5 15. Bxg7+ Kxg7 16. Bc2 e4 17. Nf4 Rf6 18. f3 exf3 19. Rxf3 Qc7 20. Raf1 Raf8 21. g3 Qd6 22. Kg2 b6 23. Re1 R8f7 24. Rfe3 Nf5 25. Bxf5 Rxf5 26. Re6 Qb8 27. Re8 Qd6 28. Ne6+ Kf6 29. g4 Nf8 30. g5+ 1-0

[Event "EU-ch Schools U13"]
[Site "Tornelo INT"]
[Date "2021.12.03"]
[Round "2"]
[White "Vassis, Anastasios"]
[Black "Shamatava, Nikolozi"]
[Result "1-0"]
[WhiteElo "1520"]
[BlackElo "1752"]
[PlyCount "133"]
[EventDate "2021.12.03"]
[EventType "swiss (rapid)"]
[EventRounds "7"]
[EventCountry "NET"]
[SourceTitle "EXT 2023"]
[Source "ChessBase"]
[SourceDate "2022.10.05"]
[SourceVersion "1"]
[SourceVersionDate "2022.10.05"]
[SourceQuality "1"]

1. Nf3 g6 2. d4 Bg7 3. e3 Nf6 4. Be2 0-0 5. 0-0 d5 6. b3 b6 7. Bb2 Bb7 8. c4 c6 9. Nc3 Nbd7 10. Rc1 Rc8 11. Qc2 e6 12. Ne5 Nxe5 13. dxe5 Nd7 14. f4 Qe7 15. Bf3 Rfd8 16. Rfd1 f6 17. exf6 Bxf6 18. Ne2 e5 19. cxd5 cxd5 20. Qd2 Nc5 21. b4 Ne4 22. Bxe4 dxe4 23. Rxc8 Bxc8 24. Qxd8+ Qxd8 25. Rxd8+ Bxd8 26. Bxe5 Be7 27. a3 a5 28. Bc3 axb4 29. axb4 Kf7 30. Nd4 Bd7 31. Kf2 Bd6 32. Ke2 Ke7 33. Kd2 Kd8 34. h3 h5 35. Ne2 Kc7 36. Nd4 Kb7 37. Ke2 Ka6 38. Kf2 Be7 39. Kg3 b5 40. f5 gxf5 41. Kf4 Bf6 42. Ne2 Be7 43. Ke5 Kb7 44. Nd4 Bg5 45. Nxf5 Bxf5 46. Kxf5 Bxe3 47. Kxe4 Bf2 48. g4 hxg4 49. hxg4 Bh4 50. Kf5 Kc6 51. Bf6 Bxf6 52. Kxf6 Kd5 53. g5 Kc4 54. g6 Kxb4 55. g7 Ka3 56. g8Q b4 57. Ke5 b3 58. Qa8+ Kb2 59. Kd4 Kc1 60. Qc6+ Kb2 61. Qc3+ Ka2 62. Kc4 b2 63. Qb3+ Ka1 64. Qa3+ Kb1 65. Kc3 Kc1 66. Qxb2+ Kd1 67. Qd2# 1-0